• 首页
  • 本馆介绍
  • 公告通知
  • 最新文献
  • 馆藏检索
  • 电子资源
  • 读者导购
  • 参考咨询
  • 我的图书馆
  • 登录
  • 详细信息显示
  • 放入我的书架
  • 预约/预借图书
  • 作者相关作品
  • 分类相关作品
  • 丛书相关作品
  • 出版社相关作品

书目信息

  • 表格格式
  • 工作单格式
  • 卡片格式
书名: ENCYCLOPEDIA OF MATHEMATICS AND ITS APPLICATIONS
作者: John D. Dollard and Charles N. Friedman ; foreword by Felix E. Browder ; appendix by P. R. Masani.
分册号:
分册名: Product integration with applications to differential equations.
出版地: Reading, Mass. :
 
出版社: Addison-Wesley Pub. Co., Advanced Book Program
出版时间: 1979.
页数: xxii, 253 p. ;
开本: 24 cm.
丛书名: Encyclopedia of mathematics and its applications
中图分类号:
科图分类号:
其他分类号: O1-61
主题词:
电子资源:
000 01331nam 2200325 a 4500
001 E0754203557
005 20070429160035.73
008 @b@b@b@b@b 00110 eng
008 @1@1@1@1@1 uu
010    @a79020454
020    @a0201135094.
049    @aN5LA
050 0  @aQA371 @b.D64
082    @a515/.35
090    @a2/O175/DJD/////////////394654/755726/ cop.2
090    @aO1-61
096    @aO175 @v2
099    @dO1-61@ex4:10
100 10 @aDollard, John D.
245 10 @aENCYCLOPEDIA OF MATHEMATICS AND ITS APPLICATIONS / @cJohn D. Dollard and Charles N. Friedman ; foreword by Felix E. Browder ; appendix by P. R. Masani.@nvolume 10,@pProduct integration with applications to differential equations.
260 0  @aReading, Mass. :@bAddison-Wesley Pub. Co., Advanced Book Program,@c1979.
300    @axxii, 253 p. ;@c24 cm.
440  0 @aEncyclopedia of mathematics and its applications ; @vv. 10
500    @aIncludes index.
504    @aBibliography: p. 204-213.
650  0 @aIntegral equations.
650  0 @aDifferential equations.
650  0 @aDifferential equations, Partial.
700 10 @aFriedman, Charles N. @ejoint author. @b00 @c20020930 @lNLC09 @h2248 @b00 @c20021019 @lNLC09 @h1944 @lNLC09 @h2318 @lNLC09 @h1909 @b00 @c20030716 @lNLC09 @h2134
852 9  @bWWJC @cJ08S @k2 @hO175 @iDJD
    
    ENCYCLOPEDIA OF MATHEMATICS AND ITS APPLICATIONS / / John D. Dollard and Charles N. Friedman ; foreword by Felix E. Browder ; appendix by P. R. Masani.. volume 10,. Product integration with applications to differential equations.-Reading, Mass. : : Addison-Wesley Pub. Co., Advanced Book Program, , 1979.
    xxii, 253 p. ; ; 24 cm.- (Encyclopedia of mathematics and its applications ; v. 10 )
    Includes index.-Bibliography: p. 204-213.
    
    ISBN 0201135094.
    
●
相关链接 在E读中查询图书 在五车中查询图书 在当当中查询图书 在豆瓣中查询图书


正题名:ENCYCLOPEDIA OF MATHEMATICS AND ITS APPLICATIONS     索取号:O1-61/x4:10         预约/预借

序号 登录号 条形码 馆藏地/架位号 状态 备注
1 182747   001692387   第二样本阅览室/ [索取号:O1-61/x4:10] 在馆    
2 182748   001692396   第四借阅区/ [索取号:O1-61/x4:10] 在馆    
唐山师范学院图书馆 欢迎您!
大连网信软件有限公司© 版权所有